Statystyki dla Pierwiastki chemiczne po symbolach

Kliknij tutaj aby rozwiązać quiz!

Ogólne statystyki

  • Ten quiz został rozwiązany 225 razy
  • Średni wynik to 23 z 25

Statystyki odpowiedzi

SymbolPierwiastek% Poprawnych
Hwodór
100%
Mgmagnez
99%
Otlen
99%
Ssiarka
98%
Cwęgiel
97%
Auzłoto
97%
Nazot
96%
Clchlor
95%
Kpotas
95%
Brbrom
94%
Agsrebro
94%
Zncynk
93%
Feżelazo
93%
Pfosfor
91%
Cawapń
91%
Alglin
90%
Cumiedź
89%
Babar
88%
Hgrtęć
88%
Nasód
88%
Ijod
86%
Sikrzem
86%
Pbołów
86%
Ffluor
84%
Sncyna
77%

Rozkład punktacji

Percentyl według liczby udzielonych odpowiedzi

Procent ludzi z każdym wynikiem

Twoja historia wyników

Nie rozwiązałeś tego quizu